[Event "Djerba Blitz op"]
[Site "Djerba"]
[Date "2025.02.19"]
[Round "5"]
[White "Tahir, Abderrahmane"]
[Black "Mendili, Jahed"]
[Result "1-0"]
[WhiteElo "1891"]
[BlackElo "1771"]
[PlyCount "63"]
[EventDate "2025.02.19"]
[EventType "swiss (blitz)"]
[EventRounds "9"]
[EventCountry "TUN"]
[SourceTitle "CB09_2025"]
[SourceDate "2025.02.27"]
[SourceVersion "1"]
[SourceVersionDate "2025.02.27"]
[SourceQuality "1"]

1. Nf3 d5 2. g3 c5 3. Bg2 Nc6 4. d3 e5 5. Nbd2 Nf6 6. e4 h6 7. 0-0 Be6 8. exd5 Nxd5 9. Re1 Bd6 10. Nc4 f6 11. a4 Bc7 12. Nfd2 0-0 13. Ne4 b6 14. Kh1 Qd7 15. Nc3 Rad8 16. Nxd5 Bxd5 17. Ne3 Bxg2+ 18. Kxg2 Nd4 19. c3 Qc6+ 20. f3 Ne6 21. Nf5 Rf7 22. Qe2 Kh8 23. Be3 Rfd7 24. d4 exd4 25. cxd4 cxd4 26. Rac1 Qxa4 27. Bxh6 d3 28. Qxe6 d2 29. Bxg7+ Rxg7 30. Qxf6 Rdd7 31. Re8+ Kh7 32. Qh6# 1-0